[Event "EU-ch (Women) 24th"]
[Site "Rhodes"]
[Date "2024.04.25"]
[Round "6"]
[White "Abrisqueta Zudaire, Leyre"]
[Black "Federovski, Adi"]
[Result "1-0"]
[WhiteElo "2115"]
[BlackElo "1976"]
[PlyCount "103"]
[EventDate "2024.04.19"]
[EventType "swiss"]
[EventRounds "10"]
[EventCountry "GRE"]
[SourceTitle "CB18_2024"]
[SourceDate "2024.05.01"]
[SourceVersion "1"]
[SourceVersionDate "2024.05.01"]
[SourceQuality "2"]

1. d4 Nf6 2. Nf3 c5 3. d5 d6 4. Nc3 g6 5. e4 Bg7 6. Be2 0-0 7. 0-0 e5 8. Nd2 Ne8 9. Nc4 a6 10. a4 Nd7 11. Bd3 Ndf6 12. a5 Nh5 13. Nb6 Rb8 14. Ne2 Bg4 15. f3 Bc8 16. Rb1 f5 17. b4 fxe4 18. Bxe4 cxb4 19. Rxb4 Nhf6 20. Bd3 Nc7 21. Be3 Kh8 22. c4 Bf5 23. Qc2 Bxd3 24. Qxd3 Qe7 25. Ng3 e4 26. Nxe4 Nxe4 27. Qxe4 Qf6 28. Qd3 Qc3 29. Qxc3 Bxc3 30. Rb3 Bxa5 31. Nd7 b5 32. Nxb8 Rxb8 33. Ra1 Bb6 34. Bxb6 Rxb6 35. Rc1 Rb8 36. cxb5 Nxb5 37. Rc6 Ra8 38. Rb6 Kg7 39. Re3 Kf6 40. g4 Ra7 41. h4 h5 42. Re6+ Kg7 43. g5 Rf7 44. Kg2 Ra7 45. Rf6 Kh7 46. Rf4 Nc3 47. Rxd6 a5 48. Rff6 Rb7 49. Rb6 Rg7 50. Rfd6 a4 51. Ra6 Rb7 52. Rd8 1-0

[Event "EU-Cup (Women) 26th"]
[Site "Mayrhofen"]
[Date "2022.10.08"]
[Round "6.2"]
[White "Federovski, Adi"]
[Black "Schloffer, Jasmin Denise"]
[Result "0-1"]
[WhiteElo "1967"]
[BlackElo "2086"]
[PlyCount "186"]
[EventDate "2022.10.03"]
[EventType "team-swiss"]
[EventRounds "7"]
[EventCountry "AUT"]
[SourceTitle "CBM 210 Extra"]
[Source "ChessBase"]
[SourceDate "2022.11.30"]
[SourceVersion "1"]
[SourceVersionDate "2022.11.30"]
[SourceQuality "1"]
[WhiteTeam "Rishon Le Zion (W)"]
[BlackTeam "Zell/Zillertal (W)"]
[WhiteTeamCountry "ISR"]
[BlackTeamCountry "AUT"]

1. e4 e5 2. Nf3 Nc6 3. Bb5 a6 4. Ba4 Nf6 5. d3 b5 6. Bb3 Be7 7. 0-0 d6 8. c3 0-0 9. Nbd2 Na5 10. Bc2 c5 11. Re1 Nc6 12. Nf1 Be6 13. Ne3 Qc7 14. Ng5 Bd7 15. Nd5 Qd8 16. Nxe7+ Nxe7 17. h3 Ng6 18. d4 Qc7 19. Nf3 Rfc8 20. a4 cxd4 21. axb5 Bxb5 22. Bb3 dxc3 23. bxc3 h6 24. Ba3 Rd8 25. c4 Bc6 26. Qc2 Qb7 27. Nd2 Nf4 28. Rab1 Qe7 29. Nf3 Nd7 30. Ba4 Bxa4 31. Qxa4 Qf6 32. Re3 Qg6 33. Ne1 Nc5 34. Bxc5 dxc5 35. Qa5 Qd6 36. Nf3 Rab8 37. Ra1 Rd7 38. Qa4 Rb4 39. Qc2 Rdb7 40. Rd1 Qg6 41. Ne1 Rb2 42. Qa4 Rb8 43. Qd7 Re2 44. Rxe2 Nxe2+ 45. Kf1 Qxe4 46. Qd3 Qxd3 47. Nxd3 Nc3 48. Re1 f6 49. Nxc5 Rc8 50. Nxa6 Rxc4 51. Rc1 Ne4 52. Rxc4 Nd2+ 53. Ke2 Nxc4 54. Nc5 Nd6 55. Ke3 Kf7 56. f4 exf4+ 57. Kxf4 g5+ 58. Kf3 f5 59. Nd3 Ke6 60. Nc5+ Kd5 61. Nd7 Nf7 62. Nb6+ Kd4 63. g3 Ne5+ 64. Kf2 f4 65. gxf4 gxf4 66. Nc8 Nf7 67. Ne7 Ke5 68. Ng6+ Ke4 69. h4 h5 70. Ne7 Ne5 71. Nc8 Ng6 72. Nd6+ Ke5 73. Nf7+ Kf5 74. Nh6+ Ke4 75. Ng8 Ke5 76. Nh6 Nxh4 77. Ke2 Ke4 78. Ng8 Kf5 79. Ne7+ Kg4 80. Kf2 Nf5 81. Ng6 Nd4 82. Kg2 Ne6 83. Kf2 Ng5 84. Kg2 h4 85. Ne5+ Kf5 86. Nd3 Ke4 87. Nf2+ Ke3 88. Ng4+ Ke2 89. Kh2 f3 90. Kg1 Ne4 91. Nh2 Ng3 92. Ng4 Ke1 93. Kh2 f2 0-1

[Event "EU-Cup (Women) 26th"]
[Site "Mayrhofen"]
[Date "2022.10.07"]
[Round "5.2"]
[White "Federovski, Adi"]
[Black "Drljevic, Ljilja"]
[Result "0-1"]
[WhiteElo "1967"]
[BlackElo "2172"]
[PlyCount "282"]
[EventDate "2022.10.03"]
[EventType "team-swiss"]
[EventRounds "7"]
[EventCountry "AUT"]
[SourceTitle "CBM 210 Extra"]
[Source "ChessBase"]
[SourceDate "2022.11.30"]
[SourceVersion "1"]
[SourceVersionDate "2022.11.30"]
[SourceQuality "1"]
[WhiteTeam "Rishon Le Zion (W)"]
[BlackTeam "Gambit Asseco See (W)"]
[WhiteTeamCountry "ISR"]
[BlackTeamCountry "MKD"]

1. e4 g6 2. d4 Bg7 3. Nc3 a6 4. h4 h6 5. Be3 e6 6. Qd2 b5 7. h5 g5 8. f4 gxf4 9. Bxf4 Bb7 10. a3 Nf6 11. Qe3 d6 12. 0-0-0 Qe7 13. Nf3 Nbd7 14. Be2 0-0-0 15. Nh4 Nb6 16. g4 d5 17. Be5 Nbd7 18. exd5 Nxe5 19. dxe5 Nxd5 20. Nxd5 exd5 21. Nf3 Rhe8 22. Bd3 Kb8 23. Rhe1 c5 24. Bf5 Qc7 25. g5 hxg5 26. Qxg5 Bh8 27. h6 d4 28. Be4 Bc8 29. Bf5 Bb7 30. Be4 Bc8 31. h7 Be6 32. Qd2 Bg4 33. Qg2 f5 34. Bd3 Qxh7 35. Kb1 Qb7 36. Be2 Bxe5 37. Qf2 Bc7 38. Ng1 Qd5 39. Bf3 Qd6 40. Rxe8 Rxe8 41. Re1 Rxe1+ 42. Qxe1 Qe5 43. Qh4 Qh2 44. Qe1 Ka7 45. Qd1 Qg3 46. Ka2 Qf4 47. Qe2 Bxf3 48. Nxf3 Qe4 49. Qg2 Kb6 50. Qg6+ Kb7 51. Ng5 Qe5 52. Qf7 f4 53. Nf3 Qd6 54. Qf5 Kc6 55. Kb1 Qd5 56. Qd3 Bd6 57. a4 Qe6 58. b4 Qe3 59. axb5+ axb5 60. Qd1 Qc3 61. bxc5 Qb4+ 62. Ka2 Bxc5 63. Ne5+ Kc7 64. Nd3 Qc4+ 65. Kb1 Bd6 66. Qf3 Qc6 67. Qf2 Qe4 68. Qh4 Qf5 69. Qf2 Qe4 70. Qh4 b4 71. Kb2 Kc6 72. Qg4 Kc7 73. Qg7+ Kd8 74. Qg4 Kc7 75. Qg7+ Kc8 76. Qg4+ Kb8 77. Qg8+ Ka7 78. Qg7+ Kb6 79. Qf6 Kc7 80. Qg7+ Kc6 81. Qa7 Qe3 82. Qa6+ Kd7 83. Qb5+ Kd8 84. Qg5+ Qe7 85. Qd5 Ke8 86. Qg8+ Kd7 87. Qd5 Ke8 88. Qg8+ Qf8 89. Qg6+ Kd7 90. Qg4+ Kc7 91. Qg1 Qf6 92. Qg8 f3 93. Qc4+ Kd8 94. Qg8+ Ke7 95. Qh7+ Kf8 96. Qd7 f2 97. Nxf2 d3+ 98. Ka2 d2 99. Qc8+ Kf7 100. Qd7+ Kg8 101. Qg4+ Kf8 102. Qc8+ Ke7 103. Qb7+ Ke6 104. Qe4+ Kf7 105. Qh7+ Kf8 106. Nd1 Be5 107. Qd3 Bc3 108. Ne3 Qe6+ 109. Nd5 Qe1 110. Qf5+ Ke8 111. Qc8+ Kf7 112. Qf5+ Kg7 113. Qg5+ Kf8 114. Qd8+ Qe8 115. Qd6+ Kf7 116. Qf4+ Kg7 117. Qg3+ Qg6 118. Qc7+ Qf7 119. Qg3+ Qg6 120. Qc7+ Kh6 121. Qh2+ Qh5 122. Qd6+ Kg7 123. Qe7+ Kh6 124. Qe3+ Qg5 125. Qh3+ Kg6 126. Qe6+ Kg7 127. Qd7+ Kh6 128. Qh3+ Kg6 129. Qe6+ Kh7 130. Qh3+ Qh6 131. Qf5+ Qg6 132. Qh3+ Kg7 133. Qd7+ Kh8 134. Qh3+ Kg7 135. Qd7+ Kh6 136. Qh3+ Qh5 137. Qe3+ Qg5 138. Qh3+ Kg6 139. Qe6+ Bf6 140. Ne7+ Kg7 141. Nf5+ Qxf5 0-1

[Event "ISR-chT (Women)"]
[Site "Tel Aviv"]
[Date "2021.10.29"]
[Round "3.4"]
[White "Tashkinova, Sofiia"]
[Black "Federovski, Adi"]
[Result "1-0"]
[WhiteElo "1673"]
[BlackElo "2008"]
[PlyCount "87"]
[EventDate "2021.10.28"]
[EventType "team-swiss"]
[EventRounds "5"]
[EventCountry "ISR"]
[SourceTitle "CBM 204 Extra"]
[Source "ChessBase"]
[SourceDate "2021.11.30"]
[SourceVersion "1"]
[SourceVersionDate "2021.11.30"]
[SourceQuality "1"]
[WhiteTeam "Ramat Gan (W)"]
[BlackTeam "Rishon Le Zion (W)"]
[WhiteTeamCountry "ISR"]
[BlackTeamCountry "ISR"]

1. e4 c5 2. Nf3 Nc6 3. c3 Nf6 4. e5 Nd5 5. d4 cxd4 6. cxd4 d6 7. Bc4 e6 8. 0-0 Be7 9. h3 0-0 10. Bxd5 exd5 11. Bf4 dxe5 12. Nxe5 Qb6 13. Nxc6 bxc6 14. Qd2 Bb7 15. Nc3 Rfd8 16. Rac1 Qb4 17. a3 Qb3 18. Ne2 Rac8 19. Rc3 Qb6 20. Rg3 c5 21. Be5 Bf6 22. dxc5 Rxc5 23. Bd4 Bxd4 24. Nxd4 Qf6 25. b3 Rdc8 26. Re1 a5 27. a4 g6 28. Rf3 Qh4 29. Rg3 Kh8 30. Rf3 Kg8 31. Kh2 R5c7 32. Rg3 Qf6 33. Kg1 h5 34. Rd1 Ra8 35. Qe2 h4 36. Re3 Ba6 37. Qd2 Bb7 38. Rf3 Qe7 39. Re1 Qb4 40. Qe3 Qf8 41. Qf4 Qd8 42. Rfe3 Rcc8 43. Re7 Qe8 44. Rxe8+ 1-0

[Event "ISR-ch (Women)"]
[Site "Jerusalem"]
[Date "2021.03.11"]
[Round "5"]
[White "Federovski, Adi"]
[Black "Katkov, Michelle"]
[Result "1-0"]
[WhiteElo "1995"]
[BlackElo "2078"]
[PlyCount "59"]
[EventDate "2021.03.07"]
[EventType "swiss"]
[EventRounds "9"]
[EventCountry "ISR"]
[SourceTitle "CBM 201 Extra"]
[Source "ChessBase"]
[SourceDate "2021.05.31"]
[SourceVersion "1"]
[SourceVersionDate "2021.05.31"]
[SourceQuality "1"]

1. e4 e5 2. Nf3 Nc6 3. Bb5 a6 4. Ba4 Nf6 5. d3 b5 6. Bb3 Bc5 7. Nc3 d6 8. Nd5 h6 9. c3 0-0 10. Nxf6+ Qxf6 11. Bd5 Bd7 12. Rg1 Rae8 13. g4 Kh7 14. g5 Qe7 15. gxh6 g6 16. h4 Nd8 17. h5 Ne6 18. Bxe6 Bxe6 19. Bg5 f6 20. hxg6+ Kxg6 21. Be3+ Kh7 22. Rg7+ Qxg7 23. hxg7 Kxg7 24. Qe2 Rh8 25. 0-0-0 Bxe3+ 26. Qxe3 Bxa2 27. Rg1+ Kf7 28. Qa7 Rc8 29. Qxa6 Ra8 30. Qc6 1-0

[Event "EU-Cup (Women) 24th"]
[Site "Ulcinj"]
[Date "2019.11.16"]
[Round "7.7"]
[White "Djukic, Sandra"]
[Black "Federovski, Adi"]
[Result "1/2-1/2"]
[WhiteElo "2148"]
[BlackElo "2005"]
[PlyCount "98"]
[EventDate "2019.11.10"]
[EventType "team-swiss"]
[EventRounds "7"]
[EventCountry "MNE"]
[SourceTitle "CBM 193 Extra"]
[Source "ChessBase"]
[SourceDate "2020.01.31"]
[SourceVersion "1"]
[SourceVersionDate "2020.01.31"]
[SourceQuality "1"]
[WhiteTeam "Gambit Asseco See (W)"]
[BlackTeam "Rishon Le Zion (W)"]
[WhiteTeamCountry "MKD"]
[BlackTeamCountry "ISR"]

1. d4 Nf6 2. c4 g6 3. Nc3 Bg7 4. e4 d6 5. f3 0-0 6. Nge2 c5 7. d5 e6 8. Bg5 h6 9. Be3 exd5 10. cxd5 Nbd7 11. Ng3 a6 12. a4 h5 13. Be2 Ne5 14. 0-0 Nh7 15. Qd2 h4 16. Nh1 f5 17. a5 Qf6 18. f4 Nd7 19. Nf2 Re8 20. Rae1 Qf7 21. Bd3 b5 22. axb6 Bb7 23. Bc4 Nxb6 24. b3 Nxc4 25. bxc4 Qf6 26. e5 dxe5 27. fxe5 Qxe5 28. Na4 Rad8 29. Nxc5 Qc7 30. Nxb7 Qxb7 31. Bd4 Nf6 32. Qg5 Rxe1 33. Rxe1 Kf7 34. Qxh4 Re8 35. Nd3 Ne4 36. Qh7 Kf8 37. Bxg7+ Qxg7 38. Qxg7+ Kxg7 39. Nc5 a5 40. Ne6+ Kf6 41. Nc5 Ke5 42. Nb7 a4 43. d6 Ke6 44. c5 Kd7 45. Rc1 Rc8 46. Rc4 a3 47. Ra4 Nxc5 48. Nxc5+ Rxc5 49. Rxa3 Rc6 1/2-1/2

[Event "EU-Cup (Women) 24th"]
[Site "Ulcinj"]
[Date "2019.11.13"]
[Round "4.6"]
[White "Federovski, Adi"]
[Black "Nechaeva, Marina"]
[Result "0-1"]
[WhiteElo "2005"]
[BlackElo "2366"]
[PlyCount "90"]
[EventDate "2019.11.10"]
[EventType "team-swiss"]
[EventRounds "7"]
[EventCountry "MNE"]
[SourceTitle "CBM 193 Extra"]
[Source "ChessBase"]
[SourceDate "2020.01.31"]
[SourceVersion "1"]
[SourceVersionDate "2020.01.31"]
[SourceQuality "1"]
[WhiteTeam "Rishon Le Zion (W)"]
[BlackTeam "Ugra (W)"]
[WhiteTeamCountry "ISR"]
[BlackTeamCountry "RUS"]

1. e4 c5 2. Nf3 d6 3. d4 cxd4 4. Nxd4 Nf6 5. Nc3 a6 6. h3 e5 7. Nb3 Be6 8. f4 g6 9. Be2 Nbd7 10. Be3 Rc8 11. 0-0 Be7 12. Qd2 exf4 13. Bxf4 0-0 14. Rad1 Ne5 15. Kh1 b5 16. a3 Qc7 17. Bg5 Ne8 18. Bh6 Ng7 19. Nd4 Rfd8 20. Nd5 Bxd5 21. exd5 Ne8 22. Qf4 Bf6 23. Bg4 Nxg4 24. Qxg4 Rd7 25. Rde1 Bxd4 26. Qxd4 Re7 27. Qg4 Rb8 28. Qd4 Re5 29. c3 Qe7 30. Rxe5 dxe5 31. Qd3 Rd8 32. Rd1 Nd6 33. Be3 Nc4 34. Bc1 e4 35. Qd4 e3 36. b3 e2 37. Re1 Nd6 38. c4 Nf5 39. Qf2 bxc4 40. bxc4 Qe4 41. Bg5 Re8 42. Qf4 Qd3 43. Qd2 Ng3+ 44. Kg1 Qxc4 45. d6 Qc5+ 0-1

[Event "EU-Cup (Women) 21st"]
[Site "Novi Sad"]
[Date "2016.11.11"]
[Round "6.6"]
[White "Federovski, Adi"]
[Black "Eric, Jovana"]
[Result "0-1"]
[WhiteElo "1937"]
[BlackElo "2209"]
[PlyCount "102"]
[EventDate "2016.11.06"]
[EventType "team-swiss"]
[EventRounds "7"]
[EventCountry "SRB"]
[SourceTitle "CBM 175 Extra"]
[Source "ChessBase"]
[SourceDate "2016.12.12"]
[SourceVersion "1"]
[SourceVersionDate "2016.12.12"]
[SourceQuality "1"]
[WhiteTeam "Rishon Le Zion (W)"]
[BlackTeam "Goracici Jelica (W)"]
[WhiteTeamCountry "ISR"]
[BlackTeamCountry "SRB"]

1. e4 c5 2. Nf3 Nc6 3. d4 cxd4 4. Nxd4 e5 5. Nb5 d6 6. c4 Be7 7. N1c3 a6 8. Na3 Be6 9. Nc2 Nf6 10. Be2 0-0 11. 0-0 Rc8 12. Ne3 Nd4 13. Ned5 Bxd5 14. cxd5 Qb6 15. Kh1 Rc7 16. Bd3 Nd7 17. Na4 Qa7 18. Be3 Bf6 19. Qg4 b5 20. Nc3 Nc5 21. Rad1 g6 22. f4 b4 23. Ne2 h5 24. Qh3 Nxe2 25. Bxe2 exf4 26. Bxf4 Qb6 27. Be3 Be5 28. Qh4 Qb8 29. Rf3 Qd8 30. Bg5 f6 31. Be3 Qc8 32. Rh3 Rh7 33. Bxc5 Qxc5 34. Bg4 Kh8 35. Be6 Bxb2 36. Qe1 Be5 37. Rc1 Qb6 38. Rb3 a5 39. a3 Rb7 40. axb4 axb4 41. Qd2 Kg7 42. Qc2 Bc3 43. Qd3 Ra8 44. Qc4 Qe3 45. Rbb1 Rba7 46. Rf1 Kh6 47. Qc6 Ra6 48. Qd7 Qxe4 49. Bf7 Ra1 50. Rxa1 Rxa1 51. Qb5 Qe1 0-1

[Event "EU-Cup (Women) 21st"]
[Site "Novi Sad"]
[Date "2016.11.07"]
[Round "2.6"]
[White "Gailiunaite, Saule"]
[Black "Federovski, Adi"]
[Result "1-0"]
[WhiteElo "1804"]
[BlackElo "1937"]
[PlyCount "89"]
[EventDate "2016.11.06"]
[EventType "team-swiss"]
[EventRounds "7"]
[EventCountry "SRB"]
[SourceTitle "CBM 175 Extra"]
[Source "ChessBase"]
[SourceDate "2016.12.12"]
[SourceVersion "1"]
[SourceVersionDate "2016.12.12"]
[SourceQuality "1"]
[WhiteTeam "Kaunas Margiris (W)"]
[BlackTeam "Rishon Le Zion (W)"]
[WhiteTeamCountry "LTU"]
[BlackTeamCountry "ISR"]

1. d4 Nf6 2. c4 g6 3. Nc3 Bg7 4. e4 d6 5. Nf3 0-0 6. Be2 e5 7. Be3 Ng4 8. Bg5 f6 9. Bh4 g5 10. Bg3 Nc6 11. d5 Ne7 12. Nd2 Nh6 13. b4 Ng6 14. Rc1 f5 15. f3 f4 16. Bf2 g4 17. fxg4 Nh4 18. 0-0 Rf7 19. c5 Bf6 20. Nc4 Rg7 21. cxd6 cxd6 22. h3 Nf7 23. Nb5 h5 24. Nxa7 Bd7 25. Nb6 Rxa7 26. Nxd7 Rxa2 27. Nxf6+ Qxf6 28. Qe1 Ng6 29. gxh5 f3 30. Rc8+ Nd8 31. Bxf3 Nf4 32. Bh4 Nxh3+ 33. Kh1 Ng5 34. Bg4 Qe7 35. h6 Rg6 36. Be6+ Kh8 37. Rf7 Qe8 38. Qf1 Ngxf7 39. Bxf7 Ra1 40. Qxa1 Qxf7 41. Rxd8+ Kh7 42. Qc1 Rg4 43. Qe1 Qf4 44. Rd7+ Kxh6 45. Bf2 1-0

[Event "Kiryat Ono Summer op"]
[Site "Kiryat Ono"]
[Date "2016.07.07"]
[Round "5"]
[White "Federovski, Adi"]
[Black "Amit, Eli"]
[Result "0-1"]
[WhiteElo "1954"]
[BlackElo "2016"]
[PlyCount "80"]
[EventDate "2016.07.03"]
[EventType "swiss"]
[EventRounds "5"]
[EventCountry "ISR"]
[SourceTitle "CBM 173 Extra"]
[Source "ChessBase"]
[SourceDate "2016.08.29"]
[SourceVersion "1"]
[SourceVersionDate "2016.08.29"]
[SourceQuality "1"]

1. e4 g6 2. d4 Bg7 3. Nc3 d6 4. Nf3 Bg4 5. Be2 Nc6 6. Be3 e5 7. d5 Bxf3 8. Bxf3 Nce7 9. g4 Nf6 10. g5 Nd7 11. h4 f5 12. gxf6 Nxf6 13. Qe2 Qd7 14. Bg5 Neg8 15. 0-0-0 h6 16. Be3 a6 17. Rhg1 Qf7 18. Qc4 Kd8 19. Ne2 Ne7 20. Rd3 c5 21. Qa4 Nc8 22. Kb1 Ke7 23. c4 Rd8 24. h5 g5 25. Ng3 Kf8 26. Nf5 Ne7 27. Nxg7 Kxg7 28. Qc2 b5 29. Bd2 Rdb8 30. Rb3 Nc8 31. Be2 bxc4 32. Rf3 Ne7 33. Qc1 Kh7 34. Bxc4 Rf8 35. Be2 Ra7 36. Qc2 Neg8 37. Rb3 Rfa8 38. Qd3 Kh8 39. Qc2 Qh7 40. f3 Nxh5 0-1

[Event "Kiryat Ono Summer op"]
[Site "Kiryat Ono"]
[Date "2016.07.03"]
[Round "1"]
[White "Federovski, Adi"]
[Black "Tifferet, Shaked"]
[Result "0-1"]
[WhiteElo "1954"]
[BlackElo "2215"]
[PlyCount "148"]
[EventDate "2016.07.03"]
[EventType "swiss"]
[EventRounds "5"]
[EventCountry "ISR"]
[SourceTitle "CBM 173 Extra"]
[Source "ChessBase"]
[SourceDate "2016.08.29"]
[SourceVersion "1"]
[SourceVersionDate "2016.08.29"]
[SourceQuality "1"]

1. e4 c5 2. Nf3 d6 3. d4 cxd4 4. Nxd4 Nf6 5. Nc3 a6 6. f3 e5 7. Nb3 Be6 8. Be3 Be7 9. Qd2 0-0 10. 0-0-0 Nbd7 11. g4 b5 12. Kb1 Nb6 13. Na5 Qc7 14. g5 Nfd7 15. f4 exf4 16. Bxf4 Ne5 17. Nd5 Bxd5 18. exd5 Ng6 19. Bg3 Rac8 20. Bd3 Nxd5 21. Bxg6 hxg6 22. Qxd5 Qxa5 23. h4 Qc7 24. Qd2 Qc5 25. Bf4 f6 26. h5 gxh5 27. g6 Qf5 28. Qe2 Rc5 29. Rhf1 Rfc8 30. Qxe7 R5c7 31. Qe3 Rxc2 32. Ka1 Qxg6 33. Rg1 Qf5 34. Bh6 R2c7 35. Bf4 Kf7 36. Bxd6 Rd7 37. Qg3 Kg8 38. a3 a5 39. Rdf1 Qe6 40. Rd1 Rcd8 41. Rge1 Qg4 42. Qb3+ Qc4 43. Qg3 Qg4 44. Qb3+ Kh8 45. Rg1 Qc4 46. Qh3 Qf7 47. Qg3 b4 48. Rd3 bxa3 49. bxa3 Rc8 50. Bf4 Rc2 51. Rb3 a4 52. Rb2 Rxb2 53. Kxb2 Rb7+ 54. Kc2 Qa2+ 55. Kd1 Qb1+ 56. Ke2 Qc2+ 57. Kf3 Qc6+ 58. Ke2 Rb2+ 59. Bd2 Qa6+ 60. Kd1 Qb7 61. Qe3 Qd7 62. Kc1 Rb3 63. Qc5 Rb5 64. Qe3 Qc6+ 65. Kd1 Rb3 66. Qd4 Qf3+ 67. Kc2 Rxa3 68. Bc3 Rxc3+ 69. Qxc3 Qf2+ 70. Kd3 Qxg1 71. Qc8+ Kh7 72. Qa8 Qg6+ 73. Kd2 Qg5+ 74. Kc2 h4 0-1

[Event "EU-Cup (Women) 20th"]
[Site "Skopje"]
[Date "2015.10.23"]
[Round "6.3"]
[White "Federovski, Adi"]
[Black "Saduakassova, Dinara"]
[Result "0-1"]
[WhiteElo "1913"]
[BlackElo "2402"]
[PlyCount "80"]
[EventDate "2015.10.18"]
[EventType "team-swiss"]
[EventRounds "7"]
[EventCountry "MKD"]
[SourceTitle "CBM 168 Extra"]
[Source "ChessBase"]
[SourceDate "2015.10.29"]
[SourceVersion "1"]
[SourceVersionDate "2015.10.29"]
[SourceQuality "1"]
[WhiteTeam "Rishon Le Zion (W)"]
[BlackTeam "Asseko See (W)"]
[WhiteTeamCountry "ISR"]
[BlackTeamCountry "MKD"]

1. e4 c5 2. Nf3 Nc6 3. Bc4 e6 4. 0-0 a6 5. a4 d5 6. exd5 exd5 7. Ba2 Nf6 8. h3 Be7 9. d4 c4 10. Nc3 0-0 11. Re1 Bf5 12. Bg5 h6 13. Bh4 Nb4 14. Bb1 Re8 15. Ne5 Nd7 16. Bg3 Bf6 17. Qd2 Bg5 18. f4 Bh4 19. Ne2 Nc6 20. c3 Bxb1 21. Raxb1 Nb6 22. Qc2 Nc8 23. Qf5 Nd6 24. Qg4 Bf6 25. Bh2 Ne4 26. Ng3 Bxe5 27. fxe5 Nxe5 28. Qd1 Nd3 29. Rf1 Nxg3 30. Bxg3 Qg5 31. Qf3 Qe3+ 32. Kh2 Qxf3 33. Rxf3 b5 34. axb5 axb5 35. Rf5 Red8 36. b3 b4 37. bxc4 dxc4 38. cxb4 c3 39. Bf4 Rxd4 40. Be3 Re4 0-1

[Event "EU-Cup (Women) 20th"]
[Site "Skopje"]
[Date "2015.10.19"]
[Round "2.3"]
[White "Federovski, Adi"]
[Black "Bogdan, Ekaterina"]
[Result "0-1"]
[WhiteElo "1913"]
[BlackElo "2064"]
[PlyCount "110"]
[EventDate "2015.10.18"]
[EventType "team-swiss"]
[EventRounds "7"]
[EventCountry "MKD"]
[SourceTitle "CBM 168 Extra"]
[Source "ChessBase"]
[SourceDate "2015.10.29"]
[SourceVersion "1"]
[SourceVersionDate "2015.10.29"]
[SourceQuality "1"]
[WhiteTeam "Rishon Le Zion (W)"]
[BlackTeam "Bossa Nova (W)"]
[WhiteTeamCountry "ISR"]
[BlackTeamCountry "BLR"]

1. e4 e6 2. Nf3 d5 3. Nc3 Nf6 4. e5 Nfd7 5. d4 c5 6. dxc5 Nc6 7. Bf4 Nxc5 8. Bd3 Be7 9. Qe2 Bd7 10. h3 a6 11. a3 Rc8 12. 0-0 Qb6 13. Rab1 Nxd3 14. Qxd3 Na5 15. Nh2 0-0 16. Qg3 Kh8 17. Rfc1 Nc4 18. Ng4 Qd8 19. Ne2 f5 20. exf6 gxf6 21. Rd1 Rg8 22. Qf3 Qe8 23. Ng3 Qg6 24. Nh6 Rgf8 25. Qe2 Bd6 26. Bxd6 Nxd6 27. Ng4 Rxc2 28. Qf3 Nc4 29. Rbc1 Rxc1 30. Rxc1 Bc6 31. b3 Nxa3 32. h4 d4 33. Qf4 Rg8 34. Nh6 e5 35. Qd2 Re8 36. h5 Qg7 37. Nhf5 Qg5 38. Qb2 Nb5 39. Re1 Nc3 40. Nd6 Re7 41. Ndf5 Rd7 42. Qa3 Kg8 43. Qc5 Kf7 44. Nd6+ Ke6 45. Ndf5 Qd2 46. Rf1 Ne2+ 47. Nxe2 Qxe2 48. Ng3 Qg4 49. Qc4+ Ke7 50. Qc5+ Ke8 51. Qc1 d3 52. Qd2 Qg5 53. Rd1 Rd4 54. b4 Qxd2 55. Rxd2 e4 0-1

[Event "Kiryat Ono op 6th"]
[Site "Kiryat Ono"]
[Date "2015.07.08"]
[Round "4"]
[White "Lahav, Michal"]
[Black "Federovski, Adi"]
[Result "1-0"]
[WhiteElo "1991"]
[BlackElo "1898"]
[PlyCount "61"]
[EventDate "2015.07.05"]
[EventType "swiss"]
[EventRounds "5"]
[EventCountry "ISR"]
[SourceTitle "CBM 167 Extra"]
[Source "ChessBase"]
[SourceDate "2015.09.14"]
[SourceVersion "1"]
[SourceVersionDate "2015.09.14"]
[SourceQuality "1"]

1. e4 d6 2. d4 Nf6 3. Nc3 g6 4. h3 Bg7 5. Be3 0-0 6. Qd2 c6 7. Nf3 b5 8. Bd3 Nbd7 9. 0-0 Qc7 10. Rfe1 e5 11. dxe5 dxe5 12. b4 Bb7 13. Rab1 Rfd8 14. Bg5 a6 15. Qe3 c5 16. Nd5 Nxd5 17. Bxd8 Rxd8 18. exd5 c4 19. d6 Qxd6 20. Be4 Bxe4 21. Qxe4 Nf6 22. Qxe5 Qxe5 23. Nxe5 Rd2 24. Rbc1 Bf8 25. a3 Bh6 26. Kf1 a5 27. bxa5 Rd5 28. Rcd1 Bd2 29. Ng4 Nxg4 30. hxg4 Kf8 31. c3 1-0

[Event "Kiryat Ono op 6th"]
[Site "Kiryat Ono"]
[Date "2015.07.07"]
[Round "3"]
[White "Federovski, Adi"]
[Black "Poleg, Dan"]
[Result "1-0"]
[WhiteElo "1898"]
[BlackElo "2167"]
[PlyCount "55"]
[EventDate "2015.07.05"]
[EventType "swiss"]
[EventRounds "5"]
[EventCountry "ISR"]
[SourceTitle "CBM 167 Extra"]
[Source "ChessBase"]
[SourceDate "2015.09.14"]
[SourceVersion "1"]
[SourceVersionDate "2015.09.14"]
[SourceQuality "1"]

1. e4 e5 2. Nf3 Nc6 3. Bb5 Nge7 4. 0-0 g6 5. c3 Bg7 6. d4 exd4 7. cxd4 a6 8. Ba4 b5 9. Bb3 d6 10. Nc3 0-0 11. h3 Na5 12. Bc2 Bb7 13. Bg5 Qd7 14. Re1 Nc4 15. b3 Nb6 16. Qd2 Rfe8 17. Rad1 Rad8 18. Nh2 c5 19. Ng4 Bxd4 20. Bf6 Qxg4 21. hxg4 Bxf6 22. e5 Bxe5 23. Rxe5 dxe5 24. Qxd8 Rxd8 25. Rxd8+ Kg7 26. Rb8 b4 27. Nd1 Ba8 28. Rxb6 1-0

[Event "EU-ch U18 Girls 24th"]
[Site "Batumi"]
[Date "2014.10.26"]
[Round "7"]
[White "Federovski, Adi"]
[Black "Firat, Deniz"]
[Result "1/2-1/2"]
[WhiteElo "1953"]
[BlackElo "1698"]
[PlyCount "100"]
[EventDate "2014.10.19"]
[EventType "swiss"]
[EventRounds "9"]
[EventCountry "GEO"]
[SourceTitle "EXT 2015"]
[Source "ChessBase"]
[SourceDate "2014.11.20"]
[SourceVersion "1"]
[SourceVersionDate "2014.11.20"]
[SourceQuality "1"]

1. e4 c5 2. Nf3 d6 3. c4 Nc6 4. d4 cxd4 5. Nxd4 Nxd4 6. Qxd4 Nf6 7. Nc3 g6 8. Be2 Bg7 9. 0-0 0-0 10. Qd3 Bd7 11. h3 Bc6 12. f4 a6 13. Be3 Nd7 14. Bf3 Nc5 15. Qc2 b5 16. Rfd1 Qc7 17. Nd5 Qb7 18. cxb5 axb5 19. e5 e6 20. Ne7+ Qxe7 21. Bxc6 Nb7 22. exd6 Nxd6 23. Bxa8 Nc4 24. Bd4 Rxa8 25. Bxg7 Kxg7 26. Qc3+ Qf6 27. Qxf6+ Kxf6 28. b3 Ne3 29. Rd2 Nd5 30. g3 b4 31. Re1 h5 32. Re4 Ra7 33. Kf2 Ra8 34. Kf3 Ra7 35. a4 bxa3 36. Ra2 Ke7 37. Ra4 Rc7 38. R4xa3 Rc3+ 39. Kf2 h4 40. b4 hxg3+ 41. Kg1 Rxa3 42. Rxa3 Nxb4 43. Ra7+ Kf6 44. Kg2 Nd3 45. Kxg3 e5 46. fxe5+ Nxe5 47. Kf4 Nd3+ 48. Ke3 Nc5 49. h4 Ne6 50. Kf3 Ng7 1/2-1/2